Normal view
MARC view
Entry Personal Name
001 - CONTROL NUMBER
- control field: 17730
003 - CONTROL NUMBER IDENTIFIER
- control field: HDC
005 - DATE AND TIME OF LATEST TRANSACTION
- control field: 20230624073521.0
008 - FIXED-LENGTH DATA ELEMENTS
- fixed length control field: 210228|| aca||aabn | a|a d
040 ## - CATALOGING SOURCE
- Original cataloging agency: HDC
- Transcribing agency: HDC
100 ## - HEADING--PERSONAL NAME
- Personal name: Roy, Jose
670 ## - SOURCE DATA FOUND
- Source citation: Work cat.: (HDC): Roy, Jose author, Philippines Will Adopt Aus Halal Model to Boost Meat Exports / by, 2010
